Foundations of Euclidean and non-Euclidean geometry

שמור ב:
מידע ביבליוגרפי
מחבר ראשי: Golos, Ellery B (Author)
פורמט: ספר
שפה:אנגלית
יצא לאור: Nueva York Holt, Rinehart and Winston 1968
נושאים:
תגים: הוספת תג
אין תגיות, היה/י הראשונ/ה לתייג את הרשומה!

MARC

LEADER 00000nam a2200000 a 4500
001 UCW0786
003 CL-VaPUC
008 890627e19680000US |||||||||||||||||eng|d
082 0 4 |a 516.2  |b GOL  |2 21 
100 0 |a Golos, Ellery B  |e author  |9 304722 
245 1 0 |a Foundations of Euclidean and non-Euclidean geometry 
300 |a 225 p 
942 |c BK 
945 |d 19890627 00:00:00 
260 |a Nueva York  |b Holt, Rinehart and Winston  |c 1968 
650 7 |a GEOMETRIA NO EUCLIDIANA  |2 CL-VaPUC  |9 265853 
650 0 |a Geometría euclidiana  |9 270055 
583 |a last modification  |c 20140410 11:51:12  |k Rodrigo Vera 
999 |c 215844  |d 215842 
952 |0 0  |1 0  |4 0  |6 516_200000000000000_GOL_1968  |7 0  |8 A  |9 200941  |a BIBMAT  |b BIBMAT  |d 2019-11-14  |i 2680793  |o 516.2 GOL 1968  |p 2680793  |r 2025-01-07  |w 2019-11-14  |y BK  |k MAT 
952 |0 0  |1 0  |4 0  |6 516_200000000000000_GOL_1968  |7 0  |8 A  |9 200942  |a BIBMAT  |b BIBMAT  |d 2019-11-14  |i 2680815  |o 516.2 GOL 1968  |p 2680815  |r 2025-01-07  |w 2019-11-14  |y BK  |k MAT 
952 |0 0  |1 0  |4 0  |6 516_200000000000000_GOL_1968  |7 0  |8 A  |9 200943  |a BIBCUR  |b BIBCUR  |d 2019-11-14  |i 4534662  |o 516.2 GOL 1968  |p 4534662  |r 2025-04-22  |w 2019-11-14  |y BK  |k FIS